000 00375nam a2200133Ia 4500
005 20260328104313.0
008 260328s9999||||xx |||||||||||||| ||und||
100 _aDersin, Denise
245 0 _aWhat Life was Like in the lands of the prophet :
_b Islamic World AD 570 -1405 /
_cDenise Dersin
260 _bTime Life
300 _a144 p.
650 _aIslamICO
942 _cREF
999 _c11045
_d11045